00759naa#a2200181#i#4500001001500000005001700015100004100032102000700073200008800080210013700168215001000305608003700315675014600352700002100498700001900519700002100538856001800559EN\\bibl\1931920260418164629.6##a20260417b2026####ek#y0engy0150####ca##aRU1#aFUNDAMENTALS OF THE THEORY OF ACTION STRUCTURE IN SPORTSeConference article/thesis1#aVoronezhcFSBE Institution of Higher Education Voronezh State University of Forestry and Technologies named after G.F. Morozovd2026##a8 с.##aConference article/thesis2local##aФилософские и научно-теоретические основы физической культуры и спорта. 796.011#1aGrigorevagI. V.#1aVolkovagE. G.#1aKuznetsovgI. V.4#abibl.vgltu.ru